Valoración económica de la calidad ambiental (Registro nro. 12589)
[ vista simple ]
| 000 -Cabecera | |
|---|---|
| Campo de control de longitud fija | 00701nam a22002777a 4500 |
| 005 - Fecha y hora de la última transacción | |
| Campo de control | 20251211121128.0 |
| 008 - Elementos de longitud fija--Información general | |
| Campo de control de longitud fija | 200219b1994 xxu||||| |||| 00| 0 spa d |
| 020 ## - International Standard Book Number | |
| Número Internacional Estándar del Libro (ISBN) | 8448118537 |
| 041 ## - Idioma | |
| Código de idioma | Español |
| 082 ## - Clasificación Decimal Dewey | |
| Número de clasificación | 333.7 A996v |
| 100 ## - Entrada principal--Autor personal | |
| Nombre personal | Azqueta Oyarzun, Diego |
| 245 ## - Título propiamente dicho | |
| Título | Valoración económica de la calidad ambiental |
| 260 ## - Pie de imprenta | |
| Lugar de publicación, distribución, etc. | México |
| 260 ## - Pie de imprenta | |
| Nombre del editor, distribuidor, etc. | McGraw-Hill |
| 260 ## - Pie de imprenta | |
| Fecha de publicación, distribución, etc. | 1994 |
| 300 ## - Descripción física | |
| Extensión | 299 páginas |
| 490 ## - Serie | |
| Título de la Serie | Turismo |
| 650 ## - Materia general | |
| Temática (materia general) | MEDIO AMBIENTE |
| 650 ## - Materia general | |
| Temática (materia general) | TURISMO |
| 650 ## - Materia general | |
| Temática (materia general) | ECONOMIA |
| 650 ## - Materia general | |
| Temática (materia general) | MÉTODOS DE VALORACION |
| 650 ## - Materia general | |
| Temática (materia general) | CALIDAD AMBIENTAL |
| 650 ## - Materia general | |
| Temática (materia general) | CONTAMINACION ATMOSFÉRICA |
| 650 ## - Materia general | |
| Temática (materia general) | IMPACTO AMBIENTAL |
| 942 ## - Punto de acceso adicional KOHA | |
| Tipo de ítem KOHA | Libro |
| Fuente del sistema de clasificación o colocación | Dewey Decimal Classification |
| Signatura completa | Código de barras | Programa Académico | Tipo de ítem |
|---|---|---|---|
| 333.7 A996v | 5852 | Turismo | Libro |